| 000 | 00745nam a2200253Ia 4500 | ||
|---|---|---|---|
| 003 | OSt | ||
| 005 | 20220918213431.0 | ||
| 006 | a|||||r|||| 00| 0 | ||
| 007 | ta | ||
| 008 | 220917b |||||||| |||| 00| 0 eng d | ||
| 024 | _a132,709 | ||
| 037 | _cTextual | ||
| 040 |
_aARTS _cARTS _beng |
||
| 041 |
_2eng _aeng |
||
| 082 | _aX61v3.N82<-M70, M5 | ||
| 100 |
_aCapie Forrest _9126978 |
||
| 245 | 0 | _aMonetary history of the United Kingdom 1870-1982 | |
| 260 |
_aLondon _bGeroge Allen and Unwin _c1985 |
||
| 500 | _aBibliography p580-588; Appnendix p538-579 | ||
| 650 | _aECONOMICS | ||
| 700 |
_a Webber Alan _9126979 |
||
| 942 |
_hX61v3.N82<-M70, M5 _cTEXL _2CC |
||
| 999 |
_c255819 _d255819 |
||